[Event "ch-RUS Blitz w 2016"]
[Site "Sochi RUS"]
[Date "2016.10.04"]
[Round "14.4"]
[White "Pustovoitova, Daria"]
[Black "Severina, Maria"]
[Result "1-0"]
[WhiteTitle "FM"]
[BlackTitle "WIM"]
[WhiteElo "2386"]
[BlackElo "2232"]
[WhiteFideId "4182146"]
[BlackFideId "4116909"]
[EventDate "2016.10.04"]

1. d4 Nf6 2. c4 e6 3. g3 Bb4+ 4. Nd2 O-O 5. Bg2 c6 6. Nf3 d6 7. O-O Nbd7 8. a3
Ba5 9. b4 Bc7 10. Bb2 e5 11. dxe5 dxe5 12. c5 Qe7 13. Nc4 e4 14. Nfd2 Ne5 15.
Qc2 Nxc4 16. Nxc4 Bf5 17. Qc3 Rad8 18. h3 Bg6 19. g4 Bb8 20. Rfd1 Rxd1+ 21. Rxd1
Rd8 22. Rd4 b5 23. cxb6 axb6 24. Nxb6 e3 25. Qxe3 Qc7 26. Rxd8+ Qxd8 27. Nc4
Qd1+ 28. Bf1 h6 29. Bxf6 gxf6 30. Qe8+ Kg7 31. Qxb8 h5 32. Ne3 Qa1 33. gxh5 Bxh5
34. Qg3+ Bg6 35. h4 Kh7 36. h5 Bxh5 37. Qh4 Kg6 38. Qg3+ Kh7 39. Nf5 Bg6 40.
Qh2+ Kg8 41. Ne7+ Kg7 42. Nxg6 Kxg6 43. Qg2+ Kh7 44. Qxc6 Qxa3 45. Qxf6 Qxb4 46.
Qxf7+ Kh6 47. Qf6+ Kh7 48. Qf5+ Kg8 49. e4 Qb1 50. Qg5+ Kf8 51. e5 Kf7 52. Qf6+
Ke8 53. e6 Qd1 54. Qf7+ Kd8 55. e7+ 1-0

[Event "ch-RUS Blitz w 2016"]
[Site "Sochi RUS"]
[Date "2016.10.04"]
[Round "14.5"]
[White "Baraeva, Marina"]
[Black "Girya, Olga"]
[Result "0-1"]
[WhiteTitle "WIM"]
[BlackTitle "WGM"]
[WhiteElo "2173"]
[BlackElo "2446"]
[WhiteFideId "24142573"]
[BlackFideId "4195752"]
[EventDate "2016.10.04"]

1. d4 d5 2. Nf3 Nf6 3. c4 c6 4. Nc3 e6 5. cxd5 exd5 6. Bg5 Bf5 7. Qb3 Qb6 8.
Bxf6 Qxb3 9. axb3 gxf6 10. e3 Nd7 11. Be2 Bc2 12. Nd2 a6 13. h4 Bd6 14. O-O Rg8
15. g3 Ke7 16. Kg2 Bf5 17. Rfc1 Rg7 18. Na4 Rag8 19. Nf1 Be4+ 20. Kg1 Bf5 21.
Kg2 Be4+ 22. Kg1 Bf5 23. Kg2 Bg4 24. Bxg4 Rxg4 25. Kf3 f5 26. Nc3 Nf6 27. Ne2
Ne4 28. Nf4 Bxf4 29. exf4 R4g6 30. Rc2 Re6 31. Ne3 Nd6 32. Rd1 Re4 33. Rcd2 Kf6
34. Rd3 h5 35. R3d2 Nb5 36. Rd3 Rge8 37. R3d2 Ra8 38. Nc2 Rae8 39. Ne3 Rd8 40.
Nc2 Nc7 41. Kg2 Rg8 42. Kf3 Ne6 43. Ne3 Rg7 44. Nc2 Rg8 45. Ne3 Rg6 46. Nc2 Rg4
47. Ne3 Rg8 48. Rd3 Nc7 49. R3d2 Nb5 50. Rd3 Nd6 51. R3d2 Re7 52. Rc2 Ra8 53.
Ra1 Re4 54. Rd2 Nb5 55. Nc2 Rae8 56. Rad1 R4e7 57. Ra1 Ra8 58. Ne3 Ree8 59. Nc2
Re4 60. Rad1 a5 61. Ra1 Ra6 62. Kg2 Nc7 63. b4 axb4 64. Rxa6 Nxa6 65. Kf3 Re8
66. Rd3 b6 67. Rd1 b3 68. Ne3 Nb4 69. Ra1 Rc8 70. Ke2 c5 71. Rd1 Ke6 72. Rd2 c4
73. Rd1 Ra8 74. Rc1 Ra2 75. Nd1 Nd3 76. Rb1 Kd6 77. Kd2 b5 78. Nc3 Rxb2+ 79.
Rxb2 Nxb2 80. Nxb5+ Kc6 81. Nc3 Nd3 82. Nd1 Kb5 83. Kc3 Kc6 84. Kd2 Kb5 85. Kc3
Ka4 0-1

[Event "ch-RUS Blitz w 2016"]
[Site "Sochi RUS"]
[Date "2016.10.04"]
[Round "14.6"]
[White "Nechaeva, Marina"]
[Black "Vasilevich, Irina"]
[Result "0-1"]
[WhiteTitle "IM"]
[BlackTitle "IM"]
[WhiteElo "2428"]
[BlackElo "2285"]
[WhiteFideId "4149351"]
[BlackFideId "4141296"]
[EventDate "2016.10.04"]

1. d4 e6 2. c4 b6 3. e4 Bb7 4. Bd3 f5 5. exf5 Bb4+ 6. Kf1 Nf6 7. Nf3 O-O 8. Nc3
exf5 9. Bf4 Bxc3 10. bxc3 Ne4 11. Qc2 d6 12. d5 Ba6 13. Nd4 Qf6 14. Rc1 Nc5 15.
Nb5 Bxb5 16. cxb5 Nbd7 17. Be2 Rae8 18. h4 Ne5 19. g3 Qf7 20. c4 Ng6 21. Bh5 Qf6
22. Bxg6 hxg6 23. Kg2 Qd4 24. Rhd1 Qe4+ 25. Qxe4 Rxe4 26. Rc2 Rfe8 27. Kf1 Kf7
28. f3 R4e7 29. Bg5 Rd7 30. Kf2 Kf8 31. Re1 Nd3+ 0-1

[Event "ch-RUS Blitz w 2016"]
[Site "Sochi RUS"]
[Date "2016.10.04"]
[Round "14.7"]
[White "Goryachkina, Aleksandra"]
[Black "Nebolsina, Vera"]
[Result "1/2-1/2"]
[WhiteTitle "WGM"]
[BlackTitle "WGM"]
[WhiteElo "2460"]
[BlackElo "2219"]
[WhiteFideId "4147103"]
[BlackFideId "4163591"]
[EventDate "2016.10.04"]

1. d4 f5 2. Nf3 Nf6 3. c4 g6 4. e3 Bg7 5. Nc3 d6 6. b4 Nbd7 7. Bb2 c6 8. Be2 e6
9. O-O Qe7 10. Qb3 O-O 11. d5 Ne5 12. Nd4 c5 13. bxc5 dxc5 14. Nxe6 Bxe6 15.
dxe6 Qxe6 16. Rad1 b6 17. Nd5 Rac8 18. a4 Ne4 19. f4 Nc6 20. Bxg7 Kxg7 21. Qb2+
Kg8 22. Bf3 Na5 23. Bxe4 fxe4 24. Qc3 Rf7 25. f5 gxf5 26. Nf4 Qf6 27. Qc2 Rd8
28. Nh5 Qg5 29. Rxd8+ Qxd8 30. Rd1 Qg5 31. Nf4 h6 32. Rd5 Nc6 33. Rd6 Ne5 34.
Qc3 Qh4 35. h3 Rg7 36. Qxe5 Qe1+ 37. Kh2 Qg3+ 1/2-1/2

[Event "ch-RUS Blitz w 2016"]
[Site "Sochi RUS"]
[Date "2016.10.04"]
[Round "14.8"]
[White "Ambartsumova, Karina"]
[Black "Belova, Olga"]
[Result "1-0"]
[WhiteTitle "WGM"]
[BlackTitle "WFM"]
[WhiteElo "2280"]
[BlackElo "2035"]
[WhiteFideId "4166299"]
[BlackFideId "4138422"]
[EventDate "2016.10.04"]

1. e4 e6 2. d4 d5 3. Nc3 dxe4 4. Nxe4 Nf6 5. Ng3 c5 6. Nf3 Be7 7. c3 O-O 8. Be3
cxd4 9. Nxd4 Nd5 10. Qd2 Nxe3 11. Qxe3 Qb6 12. O-O-O Nc6 13. Nxc6 bxc6 14. Qxb6
axb6 15. Kb1 e5 16. Bc4 b5 17. Bb3 Bc5 18. f3 Re8 19. Ne4 Bf5 20. Rhe1 Kf8 21.
Bc2 Be7 22. a3 Red8 23. Nf2 Bxc2+ 24. Kxc2 f6 25. g4 Kf7 26. Nd3 g5 27. Nf2 Ke6
28. Ne4 Rh8 29. Ng3 Rhd8 30. Nf5 c5 31. h3 Kf7 32. Rxd8 Rxd8 33. b4 c4 34. Rd1
Ra8 35. Kb2 Rd8 36. Rxd8 Bxd8 37. Nd6+ Ke6 38. Nxb5 f5 39. a4 f4 40. Kc2 Kd7 41.
Na3 Kc6 42. Nxc4 Kd5 43. Nd2 Bb6 44. Kd3 Be3 45. c4+ Kc6 46. Ne4 Bg1 47. Nxg5 1-0

[Event "ch-RUS Blitz w 2016"]
[Site "Sochi RUS"]
[Date "2016.10.04"]
[Round "14.9"]
[White "Makarenko, Alexandra"]
[Black "Gritsayeva, Oksana"]
[Result "0-1"]
[WhiteTitle "WFM"]
[BlackTitle "WFM"]
[WhiteElo "2243"]
[BlackElo "2321"]
[WhiteFideId "4165055"]
[BlackFideId "14104652"]
[EventDate "2016.10.04"]

1. e4 c5 2. Nf3 e6 3. d4 cxd4 4. Nxd4 Nf6 5. Bd3 Nc6 6. Nxc6 dxc6 7. O-O e5 8.
b3 Bc5 9. Bb2 Bd4 10. c3 Bb6 11. c4 Bd4 12. Nc3 O-O 13. Rc1 Bg4 14. Qd2 Qe7 15.
h3 Be6 16. Ne2 Bxb2 17. Qxb2 Rad8 18. Rfd1 Bc8 19. c5 g6 20. b4 Nh5 21. Bc4 Qg5
22. Qb3 Kg7 23. Rxd8 Rxd8 24. Bxf7 Rd2 25. Rc2 Rxc2 26. Qxc2 Kxf7 27. a4 Bxh3
28. Qb3+ Be6 29. Qd3 Qe7 30. f3 h6 31. Qe3 g5 32. Kh2 Nf4 33. Ng3 Qd7 34. Qe1
Qd3 35. b5 Qc2 36. Qf1 Qxa4 37. bxc6 bxc6 38. Qc1 Qa2 39. Qg1 a5 40. Nf1 a4 41.
Ne3 Qe2 42. Nd1 a3 43. Nc3 Qxg2+ 44. Qxg2 Nxg2 45. Kxg2 a2 46. Nxa2 Bxa2 47. Kg3
Kg6 48. Kg4 h5+ 49. Kg3 Bc4 0-1

[Event "ch-RUS Blitz w 2016"]
[Site "Sochi RUS"]
[Date "2016.10.04"]
[Round "14.10"]
[White "Pavlova, Natalia"]
[Black "Potapova, Margarita"]
[Result "0-1"]
[BlackTitle "WFM"]
[WhiteElo "1990"]
[BlackElo "2060"]
[WhiteFideId "24135615"]
[BlackFideId "14126869"]
[EventDate "2016.10.04"]

1. Nf3 d5 2. g3 Bg4 3. Bg2 Nd7 4. d3 Ngf6 5. O-O e5 6. Nbd2 Bd6 7. Re1 O-O 8. e4
dxe4 9. Nxe4 Nxe4 10. Rxe4 Nf6 11. Re1 Re8 12. Bg5 h6 13. Bxf6 Qxf6 14. h3 Bh5
15. g4 Bg6 16. Nd2 Qf4 17. Ne4 Bb4 18. c3 Ba5 19. Qf3 Qxf3 20. Bxf3 Bb6 21. Rad1
Rad8 22. Kg2 Rd7 23. Ng3 Rxd3 24. Rxd3 Bxd3 25. Bxb7 f6 26. f4 Rb8 27. Bd5+ Kh8
28. fxe5 fxe5 29. Rxe5 Bc5 30. b3 Bd6 31. Re3 Bb1 32. b4 a5 33. a3 axb4 34. axb4
c5 35. bxc5 Bxc5 36. Rf3 Rb2+ 37. Kf1 Rc2 38. Ne2 Rd2 39. c4 Bd3 40. Ke1 Rxe2+
41. Kd1 Re3 42. Kd2 Rxf3 43. Bxf3 Bxc4 44. Kc3 Bf1 45. h4 Bf2 46. h5 Kg8 47. Kd2
Kf7 48. Kc3 Kf6 0-1

[Event "ch-RUS Blitz w 2016"]
[Site "Sochi RUS"]
[Date "2016.10.04"]
[Round "14.11"]
[White "Markelova, Lubov"]
[Black "Sukhareva, Evgeniya"]
[Result "1/2-1/2"]
[WhiteTitle "WFM"]
[WhiteElo "2133"]
[BlackElo "2151"]
[WhiteFideId "24131369"]
[BlackFideId "4167155"]
[EventDate "2016.10.04"]

1. Nf3 e6 2. c4 Nf6 3. Nc3 d5 4. d4 Be7 5. Bg5 dxc4 6. e3 h6 7. Bh4 O-O 8. Bxc4
a6 9. a4 b6 10. O-O Bb7 11. Rc1 Nbd7 12. Bd3 c5 13. Qe2 Nd5 14. Bxe7 Qxe7 15.
Nxd5 exd5 16. dxc5 bxc5 17. Rfd1 Rfe8 18. Qc2 Rac8 19. Bf5 Rc7 20. Qb3 Nf6 21.
Qb6 Rc6 22. Qb3 g6 23. Bb1 Rc7 24. a5 Nd7 25. h3 Qf6 26. Rd2 Bc6 27. Rcd1 Rb7
28. Qa3 Reb8 29. Ba2 Rxb2 30. Rxb2 Rxb2 31. Bxd5 Bb5 32. e4 Be2 33. Rc1 Bxf3 34.
gxf3 Qg5+ 35. Kh2 Qxc1 1/2-1/2

[Event "ch-RUS Blitz w 2016"]
[Site "Sochi RUS"]
[Date "2016.10.04"]
[Round "14.13"]
[White "Abramova, Yulia"]
[Black "Gubernatorova, Lyudmila"]
[Result "1-0"]
[WhiteElo "1969"]
[BlackElo "2200"]
[WhiteFideId "24104655"]
[BlackFideId "4123840"]
[EventDate "2016.10.04"]

1. e4 e6 2. d4 d5 3. Nd2 Nf6 4. e5 Nfd7 5. c3 c5 6. Bd3 Nc6 7. Ne2 cxd4 8. cxd4
f6 9. exf6 Nxf6 10. O-O Bd6 11. Nf3 Qc7 12. Bd2 O-O 13. Rc1 Bd7 14. Nc3 a6 15.
Re1 Rae8 16. Na4 Re7 17. Nc5 Bxc5 18. Rxc5 Qb6 19. Qc2 Nb4 20. Qb3 a5 21. a3 Ng4
22. axb4 Qd6 23. Ne5 a4 24. Qc2 Nf6 25. f4 Be8 26. b5 Bh5 27. Bb4 Qd8 28. Rc1
Ree8 29. Rc7 Kh8 30. Bxf8 Rxf8 31. Rc8 Qe7 32. Rxf8+ Qxf8 33. Qc5 1-0

[Event "ch-RUS Blitz w 2016"]
[Site "Sochi RUS"]
[Date "2016.10.04"]
[Round "14.14"]
[White "Bondareva, Daria"]
[Black "Gvanceladze, Anna"]
[Result "0-1"]
[WhiteTitle "WCM"]
[BlackTitle "WFM"]
[WhiteElo "1707"]
[BlackElo "2223"]
[WhiteFideId "44131356"]
[BlackFideId "4113721"]
[EventDate "2016.10.04"]

1. e4 c6 2. d4 d5 3. exd5 cxd5 4. c4 Nf6 5. Nc3 g6 6. cxd5 Bg7 7. Bb5+ Nbd7 8.
d6 exd6 9. Qe2+ Qe7 10. Bf4 d5 11. O-O-O Qxe2 12. Bxe2 O-O 13. Bf3 Nb6 14. Nge2
Be6 15. Rhe1 Rac8 16. Be5 Ne4 17. Bxg7 Kxg7 18. Kb1 Nxf2 19. Rd2 Nc4 20. Rc2 Nd3
21. Rf1 Ne3 22. Rcc1 Nxc1 23. Rxc1 a6 24. Nf4 Bf5+ 25. Ka1 Nc2+ 26. Kb1 Nxd4+
27. Ka1 Nxf3 28. gxf3 d4 29. Nb1 0-1

[Event "ch-RUS Blitz w 2016"]
[Site "Sochi RUS"]
[Date "2016.10.04"]
[Round "14.15"]
[White "Vasilevich, Tatjana"]
[Black "Komiagina, Maria"]
[Result "0-1"]
[WhiteTitle "IM"]
[BlackTitle "WIM"]
[WhiteElo "2372"]
[BlackElo "2247"]
[WhiteFideId "14101610"]
[BlackFideId "4153987"]
[EventDate "2016.10.04"]

1. d4 Nf6 2. c4 e6 3. Nc3 Bb4 4. Qc2 Nc6 5. Nf3 d6 6. a3 Bxc3+ 7. Qxc3 Qe7 8. e3
e5 9. d5 Nb8 10. Be2 O-O 11. O-O Ne4 12. Qc2 f5 13. b4 Nf6 14. Bb2 c6 15. dxc6
bxc6 16. c5 e4 17. cxd6 Qxd6 18. Rfd1 Qe7 19. Ne5 Be6 20. Bc4 a5 21. Rac1 axb4
22. axb4 Bxc4 23. Qxc4+ Kh8 24. Rd2 Ra4 25. Nxc6 Nxc6 26. Qxc6 Qxb4 27. Rdc2 h6
28. Rc4 Qxb2 29. Qxa4 Ng4 30. R4c2 Qe5 31. g3 Qf6 32. Qd4 Ne5 33. Kg2 Qe6 34.
Rc7 Rf6 35. R1c5 Nd3 36. Rd5 Ne1+ 37. Kf1 Nd3 38. Rd8+ Kh7 39. Rdd7 Kg6 40.
Rxg7+ Kh5 41. Rge7 Qa6 42. Kg1 Qa2 43. g4+ Kxg4 44. Rg7+ Kf3 45. Rg3+ Ke2 46.
Rc1 Nxc1 47. Qxf6 Ke1 48. Qxf5 Ne2+ 49. Kg2 Nxg3 50. hxg3 Qc2 51. Qa5+ Ke2 52.
Qa6+ Ke1 53. Qa5+ Ke2 54. Qh5+ Ke1 55. Qf5 Qd2 56. Qf4 Qe2 57. Qf5 Qf1+ 58. Kh2
Qxf2+ 59. Qxf2+ Kxf2 60. Kh3 Kxe3 61. Kg4 Kf2 62. Kf4 e3 0-1

[Event "ch-RUS Blitz w 2016"]
[Site "Sochi RUS"]
[Date "2016.10.04"]
[Round "15.1"]
[White "Charochkina, Daria"]
[Black "Bodnaruk, Anastasia"]
[Result "0-1"]
[WhiteTitle "IM"]
[BlackTitle "IM"]
[WhiteElo "2366"]
[BlackElo "2463"]
[WhiteFideId "4180917"]
[BlackFideId "4181751"]
[EventDate "2016.10.04"]

1. c4 e5 2. Nc3 Nc6 3. g3 g6 4. Bg2 Bg7 5. e3 d6 6. Nge2 Nge7 7. O-O O-O 8. h3
Be6 9. Nd5 Qd7 10. Kh2 Nd8 11. Nec3 c6 12. Nxe7+ Qxe7 13. d3 f5 14. f4 e4 15.
dxe4 Bxc4 16. Rf2 fxe4 17. Nxe4 Bd5 18. Nc3 Bxg2 19. Rxg2 d5 20. Bd2 Ne6 21. Qe2
Nc5 22. Rf1 Rad8 23. g4 b5 24. Nd1 Ne4 25. Be1 b4 26. Kh1 a5 27. b3 c5 28. Nb2
Nc3 29. Bxc3 bxc3 30. Nd3 c4 31. bxc4 dxc4 32. Ne5 Bxe5 33. Qxc4+ Qf7 34. Qe4
Bg7 35. f5 Rfe8 36. Qf4 Be5 37. Qh6 Rd2 38. Rxd2 cxd2 39. e4 Rd8 40. Rd1 Qc4 41.
fxg6 Qxe4+ 42. Kg1 Qe1+ 43. Kg2 Qe2+ 44. Kg1 Qxd1+ 45. Kg2 Qe2+ 0-1

[Event "ch-RUS Blitz w 2016"]
[Site "Sochi RUS"]
[Date "2016.10.04"]
[Round "15.3"]
[White "Pustovoitova, Daria"]
[Black "Drozdova, Dina"]
[Result "1/2-1/2"]
[WhiteTitle "FM"]
[BlackTitle "WIM"]
[WhiteElo "2386"]
[BlackElo "2242"]
[WhiteFideId "4182146"]
[BlackFideId "4170695"]
[EventDate "2016.10.04"]

1. d4 Nf6 2. Bg5 Ne4 3. Bf4 d5 4. f3 Nf6 5. Nc3 e6 6. e4 dxe4 7. fxe4 Bb4 8. Bg5
Bxc3+ 9. bxc3 h6 10. Bxf6 Qxf6 11. Nf3 Qf4 12. Bd3 Qe3+ 13. Qe2 Qxe2+ 14. Kxe2
Ke7 15. Rhf1 Nd7 16. e5 b6 17. Be4 Ba6+ 18. Ke3 Bxf1 19. Bxa8 Bxg2 20. Rg1 Bxf3
21. Bxf3 g6 22. Be4 c5 23. Rf1 Rc8 24. Kd3 Rd8 25. Ke3 Rc8 26. Kd3 Rd8 27. Ke3
Rc8 28. Kd3 Nb8 29. Rb1 Nd7 30. a4 Rd8 31. Ke3 Rc8 32. Kd3 Rd8 33. Ke3 1/2-1/2

[Event "ch-RUS Blitz w 2016"]
[Site "Sochi RUS"]
[Date "2016.10.04"]
[Round "15.4"]
[White "Goryachkina, Aleksandra"]
[Black "Girya, Olga"]
[Result "1/2-1/2"]
[WhiteTitle "WGM"]
[BlackTitle "WGM"]
[WhiteElo "2460"]
[BlackElo "2446"]
[WhiteFideId "4147103"]
[BlackFideId "4195752"]
[EventDate "2016.10.04"]

1. d4 d5 2. c4 c6 3. cxd5 cxd5 4. Bf4 Nc6 5. e3 Nf6 6. Nc3 Bf5 7. Qb3 Na5 8.
Qa4+ Bd7 9. Qc2 e6 10. Bd3 Rc8 11. Nf3 Be7 12. O-O a6 13. h3 O-O 14. Ne5 Bb5 15.
Bxb5 axb5 16. a3 b4 17. axb4 Bxb4 18. Rfc1 Ne4 19. Qa4 Bxc3 20. bxc3 Nc6 21. Nd3
Ra8 22. Qxa8 Qxa8 23. Rxa8 Rxa8 24. f3 Nd2 25. Nc5 b5 26. e4 Ra2 27. exd5 exd5
28. Bxd2 Rxd2 29. Ra1 g6 30. Ra6 Ne7 31. Rb6 Rc2 32. Rxb5 Rxc3 33. Nd7 Rc1+ 34.
Kh2 Kg7 35. Nb6 Nf5 36. Rxd5 Rd1 37. Rd7 h5 38. g4 Nxd4 39. gxh5 gxh5 40. Kg3
Nf5+ 41. Kf4 Rxd7 42. Nxd7 Ne7 43. Kg5 Nc6 44. Kxh5 Nd4 45. Kg4 Kg6 46. f4 f5+
47. Kg3 Ne2+ 48. Kf3 Ng1+ 49. Kg2 Ne2 50. Ne5+ Kf6 51. Nd3 Kg6 52. Kf2 Nd4 53.
Ne5+ Kh5 54. Nf3 Ne6 55. Kg3 Nc5 56. Nd4 Ne4+ 57. Kf3 Kg6 58. Nc6 Nd2+ 59. Ke3
Nc4+ 60. Kd4 Nd2 61. Ke5 Nf3+ 62. Ke6 Nh4 63. Ne7+ Kh5 64. Nxf5 Ng2 65. Ng7+ Kg6
66. f5+ Kxg7 67. f6+ 1/2-1/2

[Event "ch-RUS Blitz w 2016"]
[Site "Sochi RUS"]
[Date "2016.10.04"]
[Round "15.5"]
[White "Pogonina, Natalija"]
[Black "Nechaeva, Marina"]
[Result "1-0"]
[WhiteTitle "WGM"]
[BlackTitle "IM"]
[WhiteElo "2484"]
[BlackElo "2428"]
[WhiteFideId "4147855"]
[BlackFideId "4149351"]
[EventDate "2016.10.04"]

1. d4 Nf6 2. c4 c5 3. d5 b5 4. cxb5 a6 5. bxa6 Bxa6 6. Nc3 g6 7. Nf3 Bg7 8. e4
Bxf1 9. Kxf1 d6 10. g3 O-O 11. Kg2 Nbd7 12. a4 Qb6 13. Qc2 Rfb8 14. Ra3 Ng4 15.
Nb5 Qb7 16. b3 Nb6 17. h3 Nf6 18. Bb2 Ne8 19. Bxg7 Kxg7 20. h4 h5 21. Raa1 Nc7
22. Qc3+ f6 23. Nxc7 Qxc7 24. Ng5 Qb7 25. Ne6+ Kf7 26. Qd2 Rh8 27. a5 Nd7 28.
Qe3 Nf8 29. Nxf8 Kxf8 30. Ra4 Kg7 31. Rha1 Ra6 32. Qc3 Rb8 33. R1a3 Qb5 34. Qc4
Qxc4 35. Rxc4 Rb5 36. Rca4 f5 37. f3 Kf6 38. Kf2 e5 39. Ke3 Rb7 40. Kd3 g5 41.
Kc4 f4 42. hxg5+ Kxg5 43. gxf4+ Kxf4 44. b4 cxb4 45. Rxb4 Rc7+ 46. Kb5 Rca7 47.
Rc4 Ra8 48. Rc6 R6a7 49. a6 Rd7 50. Rb6 h4 51. Rb7 Rxb7+ 52. axb7 Rxa3 53. Kc4
Ra4+ 54. Kc3 Ra3+ 55. Kb2 Rxf3 56. b8=Q h3 57. Qxd6 Rf2+ 58. Kc3 h2 59. Qh6+ Kg3
60. d6 Rf1 61. d7 Rd1 62. Qg5+ Kf2 63. Qh4+ Ke3 64. Qg3+ 1-0

[Event "ch-RUS Blitz w 2016"]
[Site "Sochi RUS"]
[Date "2016.10.04"]
[Round "15.6"]
[White "Ambartsumova, Karina"]
[Black "Sukhareva, Evgeniya"]
[Result "0-1"]
[WhiteTitle "WGM"]
[WhiteElo "2280"]
[BlackElo "2151"]
[WhiteFideId "4166299"]
[BlackFideId "4167155"]
[EventDate "2016.10.04"]

1. e4 c5 2. Nf3 e6 3. d4 cxd4 4. Nxd4 a6 5. Bd3 Qc7 6. Qe2 d6 7. c4 Nf6 8. Nc3
Be7 9. O-O Nbd7 10. Kh1 b6 11. f4 Bb7 12. Bd2 Rc8 13. Rae1 Nc5 14. Bb1 g6 15. e5
Nh5 16. Nf3 O-O 17. b3 Rfd8 18. Be3 Bc6 19. exd6 Bxd6 20. Ne5 Bxe5 21. fxe5 Qxe5
22. Nd1 Rb8 23. Qf2 Rb7 24. Bc1 Qg7 25. Bb2 Qh6 26. Ne3 f5 27. Bc2 Be4 28. Rd1
Re8 29. Qe2 Ng3+ 30. Kg1 Nxe2+ 31. Kf2 Bxc2 32. Bc1 0-1

[Event "ch-RUS Blitz w 2016"]
[Site "Sochi RUS"]
[Date "2016.10.04"]
[Round "15.7"]
[White "Baraeva, Marina"]
[Black "Gritsayeva, Oksana"]
[Result "0-1"]
[WhiteTitle "WIM"]
[BlackTitle "WFM"]
[WhiteElo "2173"]
[BlackElo "2321"]
[WhiteFideId "24142573"]
[BlackFideId "14104652"]
[EventDate "2016.10.04"]

1. d4 d5 2. Nf3 Nf6 3. c4 dxc4 4. Nc3 e6 5. e3 c5 6. Bxc4 Nc6 7. O-O cxd4 8.
exd4 Be7 9. Bg5 O-O 10. a3 b6 11. Qd3 Bb7 12. Rfe1 Na5 13. Ba2 Rc8 14. Ne5 Nc6
15. Nxc6 Bxc6 16. Rad1 Re8 17. f4 Nd5 18. Bxe7 Rxe7 19. f5 Nxc3 20. bxc3 Bd5 21.
c4 Bb7 22. fxe6 Rxe6 23. Rxe6 fxe6 24. Bb1 g6 25. Re1 Qg5 26. Qe2 Kg7 27. g3 Qf6
28. Qe5 Rxc4 29. Ba2 Rxd4 30. Qxf6+ Kxf6 31. Rxe6+ Kg5 32. Re7 Rd1+ 33. Kf2 Rd2+
34. Kg1 Rxa2 35. Rxb7 Rxa3 36. Rxh7 Ra2 37. Rc7 a5 38. Rb7 Rb2 39. Ra7 Kg4 40.
Ra8 g5 41. Ra7 Rb4 42. Kg2 Rb2+ 43. Kg1 Kf5 44. Rf7+ Ke6 45. Ra7 g4 46. Rg7 Kf5
47. Rf7+ Ke5 48. Rg7 a4 49. Rxg4 a3 50. Ra4 a2 0-1

[Event "ch-RUS Blitz w 2016"]
[Site "Sochi RUS"]
[Date "2016.10.04"]
[Round "15.8"]
[White "Vasilevich, Irina"]
[Black "Severina, Maria"]
[Result "0-1"]
[WhiteTitle "IM"]
[BlackTitle "WIM"]
[WhiteElo "2285"]
[BlackElo "2232"]
[WhiteFideId "4141296"]
[BlackFideId "4116909"]
[EventDate "2016.10.04"]

1. b3 Nf6 2. Bb2 b6 3. d3 Bb7 4. e4 d6 5. f4 c5 6. Nf3 Nc6 7. Be2 g6 8. e5 dxe5
9. fxe5 Nd5 10. Qd2 Bg7 11. O-O O-O 12. c4 Nc7 13. Qe3 Ne6 14. Nbd2 Ned4 15.
Bxd4 cxd4 16. Qg5 e6 17. Qg3 Qb8 18. Ne4 Nxe5 19. Nfg5 Nd7 20. Qh4 h6 21. Nf3
Qd8 22. Kh1 Qxh4 23. Nxh4 Bxe4 24. dxe4 d3 25. Bxd3 Bxa1 26. Rxa1 Nc5 27. Bc2
Rad8 28. Nf3 f5 29. e5 Ne4 30. b4 Nd2 31. Nxd2 Rxd2 32. Bb3 Kf7 33. Re1 Rfd8 34.
h3 Rb2 35. c5 bxc5 36. bxc5 Rc8 37. Rc1 Rc7 38. Kh2 Re2 39. Kg3 Rxe5 40. c6 Re3+
41. Kf2 Re4 42. Rc2 Ke7 43. Kf3 Rd4 44. Re2 Rd6 45. Ba4 Rdxc6 46. Bxc6 Rxc6 0-1

[Event "ch-RUS Blitz w 2016"]
[Site "Sochi RUS"]
[Date "2016.10.04"]
[Round "15.9"]
[White "Potapova, Margarita"]
[Black "Nebolsina, Vera"]
[Result "1-0"]
[WhiteTitle "WFM"]
[BlackTitle "WGM"]
[WhiteElo "2060"]
[BlackElo "2219"]
[WhiteFideId "14126869"]
[BlackFideId "4163591"]
[EventDate "2016.10.04"]

1. d4 f5 2. e4 fxe4 3. Nc3 Nf6 4. Bg5 g6 5. f3 exf3 6. Nxf3 Bg7 7. Qd2 d5 8. Ne5
c6 9. O-O-O Be6 10. Bd3 Nbd7 11. Rde1 Ne4 12. Nxe4 dxe4 13. Rxe4 Nxe5 14. dxe5
Qd7 15. Be2 Qxd2+ 16. Bxd2 Bd5 17. Rb4 Bxg2 18. Rg1 Bd5 19. Rxb7 Bxe5 20. c4 Be4
21. Bg4 O-O 22. Rxe7 Rae8 23. Rxe8 Rxe8 24. Re1 c5 25. Rxe4 Bxb2+ 26. Kxb2 Rxe4
27. Bf3 Rh4 28. Bd5+ Kf8 29. Be3 Rxh2+ 30. Kc3 Rxa2 31. Bxc5+ Kg7 32. Bd4+ Kf8
33. c5 Ra1 34. Kd3 Ke8 35. Bxa1 1-0

[Event "ch-RUS Blitz w 2016"]
[Site "Sochi RUS"]
[Date "2016.10.04"]
[Round "15.10"]
[White "Gvanceladze, Anna"]
[Black "Belova, Olga"]
[Result "0-1"]
[WhiteTitle "WFM"]
[BlackTitle "WFM"]
[WhiteElo "2223"]
[BlackElo "2035"]
[WhiteFideId "4113721"]
[BlackFideId "4138422"]
[EventDate "2016.10.04"]

1. d4 d5 2. Nf3 Nf6 3. c4 c6 4. cxd5 cxd5 5. Nc3 Nc6 6. Bf4 a6 7. e3 Bf5 8. Be2
e6 9. O-O Be7 10. Ne5 O-O 11. Rc1 Nxe5 12. dxe5 Nd7 13. Bg3 b5 14. Bd3 Bxd3 15.
Qxd3 Nc5 16. Qd4 Rc8 17. Rfd1 b4 18. Ne2 Qa5 19. Qg4 Qxa2 20. Nf4 Kh8 21. Nh5
Rg8 22. Bh4 Bxh4 23. Qxh4 Qxb2 24. f4 Qe2 25. Re1 Qd3 26. Qe7 Ne4 27. Rxc8 Rxc8
28. Qxf7 Rg8 29. Qxe6 Qd2 30. Ra1 Qf2+ 31. Kh1 Qxe3 32. Qxa6 Nf2+ 33. Kg1 Nh3+
34. Kh1 Qg1+ 0-1

[Event "ch-RUS Blitz w 2016"]
[Site "Sochi RUS"]
[Date "2016.10.04"]
[Round "15.11"]
[White "Abramova, Yulia"]
[Black "Belenkaya, Dina"]
[Result "0-1"]
[BlackTitle "WFM"]
[WhiteElo "1969"]
[BlackElo "2313"]
[WhiteFideId "24104655"]
[BlackFideId "24142654"]
[EventDate "2016.10.04"]

1. e4 c6 2. d4 d5 3. e5 c5 4. c3 Nc6 5. Nf3 Bg4 6. Be2 e6 7. Be3 Nge7 8. Nbd2
cxd4 9. Bxd4 Nf5 10. Qa4 Be7 11. Bb5 Qd7 12. Nb3 Bxf3 13. gxf3 O-O 14. O-O-O
Rfc8 15. Kb1 a6 16. Bxc6 Rxc6 17. Na5 b5 18. Qb3 Rcc8 19. Rhg1 Rab8 20. Ba7 Qxa7
21. Qc2 b4 22. Rg4 bxc3 0-1

[Event "ch-RUS Blitz w 2016"]
[Site "Sochi RUS"]
[Date "2016.10.04"]
[Round "15.12"]
[White "Komiagina, Maria"]
[Black "Sazonova, Anastasia"]
[Result "1/2-1/2"]
[WhiteTitle "WIM"]
[BlackTitle "WFM"]
[WhiteElo "2247"]
[BlackElo "2115"]
[WhiteFideId "4153987"]
[BlackFideId "24131008"]
[EventDate "2016.10.04"]

1. e4 e6 2. d4 d5 3. Nc3 Nf6 4. Bg5 dxe4 5. Nxe4 Nbd7 6. Nf3 Be7 7. Nxf6+ Bxf6
8. h4 O-O 9. Qd2 e5 10. O-O-O exd4 11. Nxd4 c5 12. Nf3 Qb6 13. c3 Ne5 14. Nxe5
Bxe5 15. Qd5 Bf6 16. Bxf6 Qxf6 17. Qxc5 Bf5 18. Qd6 Be6 19. Qd4 Qxd4 20. Rxd4
Bxa2 21. Rd7 b6 22. Bb5 Be6 23. Rc7 Rfc8 24. Rxc8+ Rxc8 25. Rd1 Kf8 26. Kc2 Ke7
27. Ra1 a5 28. Rd1 Rc5 29. Ba4 Bf5+ 30. Kc1 Be6 31. Bc2 b5 32. Rd4 h6 33. g3 Re5
34. Re4 Rxe4 35. Bxe4 Kd6 36. Kc2 Kc5 37. Bd3 1/2-1/2